000 00473nam a2200181Ia 4500
008 230917s9999||||xx |||||||||||||| ||und||
020 _cRS899
040 _e252484
_aMAIN
041 _aEnglish
082 _a005.1 S55S(10)
100 _aSommerville, Ian
245 0 _aSoftware engineering
250 _a10th ed.
260 _aNoida
_bPearson India Education
_c2018
300 _a808 p.
500 _a3371 20/12/2018 APD19/1089548 19/01/2019 Main Budget
942 _cBK
999 _c29515
_d29515